[Event "World Amateur-ch U2000"]
[Site "Muscat"]
[Date "2023.11.05"]
[Round "4.21"]
[White "Nadernia, Niki"]
[Black "Tuguldur, Soninbayar"]
[Result "1-0"]
[WhiteElo "1821"]
[BlackElo "1686"]
[PlyCount "111"]
[EventDate "2023.11.02"]
[EventType "swiss"]
[EventRounds "9"]
[EventCountry "OMN"]
[SourceTitle "CBM 217 Extra"]
[Source "ChessBase"]
[SourceDate "2024.01.31"]
[SourceVersion "1"]
[SourceVersionDate "2024.01.31"]
[SourceQuality "1"]

1. d4 Nf6 2. Nf3 e6 3. g3 b6 4. Bg2 Bb7 5. 0-0 Be7 6. c4 0-0 7. Nc3 Ne4 8. Qc2 Nxc3 9. bxc3 Nc6 10. e4 Na5 11. Qe2 Ba6 12. Nd2 c5 13. e5 cxd4 14. Bxa8 dxc3 15. Be4 cxd2 16. Bxd2 Bxc4 17. Bd3 Bxd3 18. Qxd3 Nb7 19. Be3 d5 20. exd6 Bxd6 21. Rfd1 Qe7 22. Qb5 f5 23. f4 Nc5 24. Qc6 Ne4 25. a4 h5 26. Rac1 h4 27. Kg2 Bc5 28. Bxc5 bxc5 29. Rb1 Qf6 30. Rb7 hxg3 31. Rdd7 gxh2 32. Rxg7+ Qxg7+ 33. Rxg7+ Kxg7 34. Kxh2 Kf6 35. Qc7 Rf7 36. Qe5+ Ke7 37. a5 Kd7 38. Qb8 Rh7+ 39. Kg2 Kc6 40. Qc8+ Kd5 41. a6 Nd6 42. Qa8+ Kd4 43. Qg8 Re7 44. Kf3 c4 45. Qd8 Rh7 46. Qxd6+ Kc3 47. Qxe6 Rh3+ 48. Kg2 Rd3 49. Qxf5 Kd2 50. Kf2 c3 51. Qe6 Kc1 52. Qb3 Kd2 53. Qb4 Kd1 54. Qb1+ Kd2 55. Qe1+ Kc2 56. Qe4 1-0

[Event "Asia-ch Amateur (Women)"]
[Site "Muscat"]
[Date "2022.09.30"]
[Round "2"]
[White "Nadernia, Niki"]
[Black "Amal, Fadel SM Alshamsi"]
[Result "1-0"]
[WhiteElo "1769"]
[BlackElo "1404"]
[PlyCount "81"]
[EventDate "2022.09.29"]
[EventType "swiss"]
[EventRounds "9"]
[EventCountry "OMN"]
[SourceTitle "CBM 210 Extra"]
[Source "ChessBase"]
[SourceDate "2022.11.30"]
[SourceVersion "1"]
[SourceVersionDate "2022.11.30"]
[SourceQuality "1"]

1. e4 e5 2. Nf3 Nc6 3. Bb5 a6 4. Ba4 d6 5. c3 Bd7 6. 0-0 g6 7. d4 Bg7 8. Bb3 Nf6 9. h3 0-0 10. Re1 h6 11. Nbd2 Kh8 12. a4 Nh5 13. Nc4 Qe8 14. Ne3 f5 15. exf5 e4 16. Nd5 gxf5 17. Nxc7 Qd8 18. Ng5 Nf6 19. Nge6 Bxe6 20. Nxe6 Qd7 21. Nxf8 Rxf8 22. Bf4 d5 23. Rc1 Ne7 24. c4 Ng6 25. Be5 Ne7 26. cxd5 Nexd5 27. a5 Rd8 28. Rc5 Qe7 29. Qd2 Kh7 30. Rec1 Rd7 31. Bxf6 Nxf6 32. Rxf5 Rc7 33. Rxc7 Qxc7 34. Bc2 Qc4 35. b3 Qe6 36. Re5 Qc6 37. d5 Qd6 38. Re6 Qd7 39. Bxe4+ Nxe4 40. Rxe4 Qf5 41. Re1 1-0

[Event "Asia-ch Universities (Women)"]
[Site "Chess.com INT"]
[Date "2020.12.16"]
[Round "6"]
[White "Kulatunga, Dinithi"]
[Black "Nadernia, Niki"]
[Result "0-1"]
[WhiteElo "1530"]
[BlackElo "1664"]
[PlyCount "110"]
[EventDate "2020.12.15"]
[EventType "swiss"]
[EventRounds "9"]
[EventCountry "IRI"]
[SourceTitle "EXT 2022"]
[Source "ChessBase"]
[SourceDate "2021.10.06"]
[SourceVersion "1"]
[SourceVersionDate "2021.10.06"]
[SourceQuality "1"]

1. d4 e6 2. c4 Nf6 3. Nc3 Bb4 4. Qc2 d5 5. e3 b6 6. Nf3 Bb7 7. cxd5 exd5 8. Bd3 0-0 9. 0-0 Re8 10. a3 Bxc3 11. Qxc3 Ne4 12. Qc2 Nd7 13. b4 Rc8 14. Bb2 h5 15. Qe2 h4 16. h3 Qf6 17. Ne5 Nxe5 18. dxe5 Qg5 19. Qg4 Qxg4 20. hxg4 Ng5 21. Rac1 c5 22. bxc5 bxc5 23. f4 Ne6 24. Bf5 Ba6 25. Rfd1 Bc4 26. e4 Nxf4 27. Bxc8 Ne2+ 28. Kf2 Nxc1 29. Bxc1 Rxc8 30. exd5 Rd8 31. d6 Be6 32. Kf3 c4 33. Bb2 Kf8 34. g5 Rb8 35. Rd2 Ke8 36. Rc2 g6 37. a4 Rb3+ 38. Kf2 Kd7 39. Bd4 a6 40. a5 Rb5 41. Bb6 Rxe5 42. Be3 Rf5+ 43. Ke2 Kxd6 44. Rd2+ Kc6 45. Bb6 Rxg5 46. Bd8 Rxg2+ 47. Ke3 Rxd2 48. Kxd2 h3 49. Bb6 h2 50. Kc3 h1Q 51. Kb4 Qb1+ 52. Kc3 Qb3+ 53. Kd4 f6 54. Ke4 Qd3+ 55. Kf4 g5# 0-1

[Event "Tehran Universities-ch (Women)"]
[Site "Tehran"]
[Date "2020.12.01"]
[Round "7"]
[White "Nadernia, Niki"]
[Black "Amirhekmati, Maryam"]
[Result "1-0"]
[WhiteElo "1664"]
[BlackElo "1642"]
[PlyCount "113"]
[EventDate "2020.11.30"]
[EventType "swiss (rapid)"]
[EventRounds "7"]
[EventCountry "IRI"]
[SourceTitle "CBM 199 Extra"]
[Source "ChessBase"]
[SourceDate "2021.01.31"]
[SourceVersion "1"]
[SourceVersionDate "2021.01.31"]
[SourceQuality "1"]

1. d4 Nf6 2. Nf3 d6 3. g3 g6 4. Bg2 Bg7 5. 0-0 0-0 6. c4 Nc6 7. Nc3 a6 8. e4 e5 9. dxe5 dxe5 10. Qxd8 Rxd8 11. Bg5 Rd7 12. Bxf6 Bxf6 13. Nd5 Bg7 14. h4 Nd4 15. Nxd4 exd4 16. Rfd1 Rb8 17. Rd3 c6 18. Nf4 Re7 19. c5 f5 20. f3 fxe4 21. fxe4 Bg4 22. b3 Be5 23. Rd2 d3 24. Rf1 Bd4+ 25. Kh2 Bxc5 26. Rxd3 Rbe8 27. Nh3 Be2 28. Rc3 Bxf1 29. Bxf1 Bd4 30. Rd3 Bb6 31. Bg2 Kg7 32. Nf4 Rd8 33. Rxd8 Bxd8 34. a4 Kf6 35. Nd3 Rd7 36. Nc5 Re7 37. Nd3 Rd7 38. e5+ Ke7 39. Nc5 Rd2 40. Nxb7 Bc7 41. Nc5 Bxe5 42. Kh3 Rc2 43. b4 Kd6 44. Ne4+ Kd7 45. Bf3 Rb2 46. Nc5+ Kd6 47. Nxa6 Rb3 48. Kg2 Ra3 49. a5 Kd7 50. Nc5+ Kc7 51. a6 Bd4 52. Ne6+ Kb6 53. Nxd4 Kxa6 54. Nxc6 Kb5 55. Kf2 Rb3 56. Nd4+ Kc4 57. Nxb3 1-0

[Event "IRI-ch (Women)"]
[Site "Tehran"]
[Date "2017.11.08"]
[Round "9"]
[White "Heydari, Zahra"]
[Black "Nadernia, Niki"]
[Result "1-0"]
[WhiteElo "1748"]
[BlackElo "1829"]
[PlyCount "89"]
[EventDate "2017.11.02"]
[EventType "swiss"]
[EventRounds "9"]
[EventCountry "IRI"]
[SourceTitle "CBM 181 Extra"]
[Source "ChessBase"]
[SourceDate "2017.12.12"]
[SourceVersion "1"]
[SourceVersionDate "2017.12.12"]
[SourceQuality "1"]

1. d4 Nf6 2. c4 g6 3. Nc3 Bg7 4. e4 d6 5. f3 0-0 6. Be3 Nc6 7. Nge2 e5 8. d5 Ne7 9. Qd2 Ne8 10. g4 c6 11. 0-0-0 cxd5 12. cxd5 Bd7 13. Kb1 b5 14. Rc1 Nc8 15. Ng3 b4 16. Nd1 a5 17. Bd3 Na7 18. h4 Bb5 19. Bxb5 Nxb5 20. Rc6 Nd4 21. Bxd4 exd4 22. Nf2 Rc8 23. Rxc8 Qxc8 24. Ne2 Qc5 25. Nd3 Qa7 26. Rc1 Qe7 27. Qe1 Nc7 28. Rc6 Nb5 29. Nef4 Rd8 30. h5 Bh6 31. hxg6 fxg6 32. Ne6 Rb8 33. f4 Qb7 34. g5 Bg7 35. e5 Nc3+ 36. bxc3 bxc3+ 37. Ka1 Qb5 38. Qd1 Qxd5 39. Rxd6 Qg2 40. Qc1 Qe2 41. Rxd4 Rb2 42. Qxc3 Rc2 43. Qb3 a4 44. Qb8+ Kf7 45. Qb7+ 1-0

[Event "Arak op (Women)"]
[Site "Arak"]
[Date "2017.08.18"]
[Round "9"]
[White "Nadernia, Niki"]
[Black "Alavi, Homa"]
[Result "0-1"]
[WhiteElo "1785"]
[BlackElo "2002"]
[PlyCount "144"]
[EventDate "2017.08.12"]
[EventType "swiss"]
[EventRounds "9"]
[EventCountry "IRI"]
[SourceTitle "CBM 180 Extra"]
[Source "ChessBase"]
[SourceDate "2017.10.06"]
[SourceVersion "1"]
[SourceVersionDate "2017.10.06"]
[SourceQuality "1"]

1. e4 c6 2. d4 d5 3. Nd2 dxe4 4. Nxe4 Nd7 5. Nf3 Ngf6 6. Nxf6+ Nxf6 7. Be2 Bg4 8. 0-0 e6 9. c4 Bd6 10. a3 0-0 11. Bg5 Qc7 12. h3 Bh5 13. Nh4 Bxe2 14. Qxe2 Bf4 15. Bxf4 Qxf4 16. Nf3 Rad8 17. Rad1 Qe4 18. Qxe4 Nxe4 19. Rfe1 Nf6 20. Ne5 Rd6 21. Rd3 Rfd8 22. Red1 Nh5 23. Nf3 Kf8 24. g3 Nf6 25. Kf1 Ng8 26. Ke2 Ne7 27. Kd2 Nf5 28. Kc3 f6 29. Ne1 R6d7 30. Ng2 Nd6 31. f3 Kf7 32. b3 b5 33. Nf4 g5 34. Ne2 bxc4 35. bxc4 Rb7 36. Nc1 Rdb8 37. R1d2 Rb1 38. Rc2 a5 39. Kd2 R1b2 40. Rdc3 Nf5 41. Ne2 Rb1 42. Rc1 R1b7 43. Rd3 Rd8 44. Kc3 h5 45. f4 g4 46. hxg4 hxg4 47. Rh1 Kg6 48. Re1 Nd6 49. Re3 Re8 50. Nc1 Rbe7 51. Nb3 Nb7 52. Rb1 a4 53. Nc5 e5 54. fxe5 fxe5 55. Kd3 Nxc5+ 56. dxc5 e4+ 57. Kc3 Rf7 58. Rb6 Rf1 59. Rxc6+ Kf5 60. Kc2 Rf3 61. Kd2 Rh8 62. Rxf3+ gxf3 63. Rc7 Rd8+ 64. Ke3 Rd3+ 65. Kf2 Ke6 66. Rc6+ Ke5 67. Rc8 Rxa3 68. c6 Ra2+ 69. Ke1 e3 70. Re8+ Kd4 71. Rd8+ Kc3 72. c7 f2+ 0-1

[Event "Qazvin op (Women) 18th"]
[Site "Qazvin"]
[Date "2015.08.20"]
[Round "10"]
[White "Hamedi Nia, Vesal"]
[Black "Nadernia, Niki"]
[Result "1-0"]
[WhiteElo "1853"]
[BlackElo "1721"]
[PlyCount "119"]
[EventDate "2015.08.14"]
[EventType "swiss"]
[EventRounds "11"]
[EventCountry "IRI"]
[SourceTitle "EXT 2016"]
[Source "ChessBase"]
[SourceDate "2015.10.08"]
[SourceVersion "1"]
[SourceVersionDate "2015.10.08"]
[SourceQuality "1"]

1. d4 Nf6 2. c4 g6 3. Nc3 Bg7 4. Nf3 d6 5. Bg5 0-0 6. e3 Nc6 7. Be2 h6 8. Bh4 e5 9. 0-0 Bd7 10. h3 Qe8 11. Re1 Rc8 12. a3 Nh7 13. Nd5 g5 14. Bg3 e4 15. Nd2 Ne7 16. Nc3 f5 17. Bh5 Qd8 18. Qb3 Bc6 19. c5+ d5 20. Qa2 Nf6 21. Bd1 Be8 22. b4 Ng6 23. Bb3 Bf7 24. Bh2 f4 25. Bd1 Be6 26. Ndxe4 Nxe4 27. Nxe4 Qd7 28. Nc3 c6 29. Qe2 f3 30. gxf3 Bxh3 31. Bg3 h5 32. Qd3 Qf7 33. Kh2 Bf5 34. e4 dxe4 35. fxe4 Bg4 36. Bxg4 hxg4 37. Qd1 Qd7 38. Qb3+ Kh7 39. Rad1 Nh4 40. Rh1 Kg6 41. Qb1 Kf7 42. Qb3+ Kg6 43. Qb1 Kf7 44. e5 Rh8 45. Ne4 Nf3+ 46. Kg2 Kf8 47. Rxh8+ Bxh8 48. Nd6 Rd8 49. Qg6 Nh4+ 50. Bxh4 gxh4 51. Qh6+ Bg7 52. Qxh4 Rb8 53. Kg3 Qe6 54. Qxg4 Qb3+ 55. Qf3+ Qxf3+ 56. Kxf3 b6 57. Ke4 bxc5 58. dxc5 Kg8 59. f4 Bf8 60. f5 1-0

[Event "Qazvin op (Women) 18th"]
[Site "Qazvin"]
[Date "2015.08.15"]
[Round "3"]
[White "Nadernia, Niki"]
[Black "Asgharzadeh, Mitra"]
[Result "0-1"]
[WhiteElo "1721"]
[BlackElo "1884"]
[PlyCount "116"]
[EventDate "2015.08.14"]
[EventType "swiss"]
[EventRounds "11"]
[EventCountry "IRI"]
[SourceTitle "EXT 2016"]
[Source "ChessBase"]
[SourceDate "2015.10.08"]
[SourceVersion "1"]
[SourceVersionDate "2015.10.08"]
[SourceQuality "1"]

1. e4 c5 2. Nf3 d6 3. d4 cxd4 4. Nxd4 Nf6 5. Nc3 g6 6. f3 Bg7 7. Be3 0-0 8. Qd2 Nc6 9. 0-0-0 Bd7 10. g4 Ne5 11. Bh6 Bxh6 12. Qxh6 Qa5 13. Qd2 Rfc8 14. Kb1 Nc4 15. Bxc4 Rxc4 16. Nb3 Qd8 17. h4 Rac8 18. h5 Qf8 19. Rc1 Qg7 20. hxg6 fxg6 21. Nd5 Be6 22. Nf4 Bf7 23. c3 b5 24. Nh3 Rb8 25. Ng5 a5 26. Qf2 a4 27. Nd2 Rc5 28. Nxf7 Qxf7 29. a3 Nxg4 30. Qd4 Nf6 31. Rh2 Rh5 32. Rch1 Rxh2 33. Rxh2 Rc8 34. Qe3 Rc5 35. Rf2 Rh5 36. Rf1 Qe6 37. Qe2 Nd5 38. Qd3 Nf4 39. Qe3 Qe5 40. Rg1 Rh2 41. Rd1 Re2 42. Qa7 Nd3 43. Kc2 Nf2 44. Rf1 Nh3 45. Qa6 Qg5 46. Qa8+ Kg7 47. Qd5 Qxd5 48. exd5 Nf4 49. Kd1 Re5 50. Ne4 Rxd5+ 51. Kc2 h5 52. Rh1 g5 53. Rg1 Kh6 54. Nf2 Re5 55. Ne4 d5 56. Nc5 Re2+ 57. Kc1 Rf2 58. Nd7 Ne2+ 0-1